• 首页
  • 本馆介绍
  • 公告通知
  • 最新文献
  • 馆藏检索
  • 电子资源
  • 读者导购
  • 参考咨询
  • 我的图书馆
  • 登录
  • 详细信息显示
  • 放入我的书架
  • 预约/预借图书
  • 作者相关作品
  • 分类相关作品
  • 丛书相关作品
  • 出版社相关作品

书目信息

  • 表格格式
  • 工作单格式
  • 卡片格式
题名:
辐射物理装置中的超高真空技术
    
 
作者: 萨克萨甘斯基 著 ;穆永阁 译
分册:  
出版信息: 北京   原子能出版社  1984
页数: 338页
开本: 19cm
丛书名:
单 册:
中图分类: TL65
科图分类:
主题词: 受控聚变--等离子体诊断
电子资源:
ISBN:
000 01044nam0 2200277 45
001 0184016554
005 20040521085050.2
010    @dCNY1.35
091    @a15175.545
100    @a19950601d1984 emky0chiy0121 ea
101 1  @achi@crus
102    @aCN@b110000
105    @ay z 000yy
106    @ar
200 10 @a辐射物理装置中的超高真空技术@Afu she wu li zhuang zhi zhong de chao gao zhen kong ji shu@f(苏)Г.Л.萨克萨甘斯基著@g穆永阁译
210    @a北京@c原子能出版社@d1984
215    @a338页@d19cm
300    @a书名原文:Сверхвысокий вакуум в радиационно-физическом аппаратостроении
510 1  @aСверхвысокий вакуум в радиационно-физическом аппаратостроении@zrus
606 0  @a受控聚变@x等离子体诊断
690    @aTL65
701  1 @a萨克萨甘斯基@Asa ke sa gan si ji@bГ.Л.@4著
702  0 @a穆永阁@Amu yong ge@4译
801  0 @aCN@b上海图书馆@c20040521
801  2 @aCN@bNLC@c20040521
905    @f1@b135966@dTL65@e10
    
    辐射物理装置中的超高真空技术/(苏)Г.Л.萨克萨甘斯基著/穆永阁译.-北京:原子能出版社,1984
    338页;19cm
    书名原文:Сверхвысокий вакуум в радиационно-физическом аппаратостроении
    
    ISBN :CNY1.35
    
●
相关链接 在E读中查询图书 在五车中查询图书 在当当中查询图书 在豆瓣中查询图书


正题名:辐射物理装置中的超高真空技术     索取号:TL65/10         预约/预借

序号 登录号 条形码 馆藏地/架位号 状态 备注
1 0135966   001366970   第三借阅区/ [索取号:TL65/10] 在馆    
2 0135967   001366934   第二样本阅览室/ [索取号:TL65/10] 在馆    
唐山师范学院图书馆 欢迎您!
大连网信软件有限公司© 版权所有